000 00613nam a2200205 a 4500
001 000012240
005 20200929162745.0
008 091106s1968 ve 001 f spa d
040 _aDO-SdBNP
_bspa
_cBNPHU
082 _aV863.44
_bO87m
100 1 _aOtero Silva, Miguel,
_d1908-1985.
_923057
245 1 3 _aLa muerte de honorio :
_bnovela /
_cMiguel Otero Silva.
260 _aCaracas, (Venezuela) :
_bMonte Ávila,
_c1968.
300 _a228 p. ;
_c20 cm.
490 1 _aPrisma
650 4 _aNovela venezolana
_93962
650 4 _aLiteratura venezolana
_ySIGLO XX
_99777
830 0 _aPrisma
_93770
049 _aBNGR
999 _c11898
_d11898